LIBRARY & INFORMATION CENTRE, KCAET, TAVANUR

ONLINE PUBLIC ACCESS CATALOGUE (OPAC)

Guide for manufacture of hand made common burnt clay building bricks,IS:2117-1975 / (Record no. 4298)

MARC details
000 -LEADER
fixed length control field 00914cam a2200145ua 4500
041 ## - LANGUAGE CODE
Language code of text/sound track or separate title eng
082 ## - DEWEY DECIMAL CLASSIFICATION NUMBER
Classification number 691.421
Item number IND/GU
245 ## - TITLE STATEMENT
Title Guide for manufacture of hand made common burnt clay building bricks,IS:2117-1975 /
260 ## - PUBLICATION, DISTRIBUTION, ETC. (IMPRINT)
Place of publication :
Name of publisher ISI ,
Year of publication 1976.
300 ## - PHYSICAL DESCRIPTION
Number of Pages 20 ; .
942 ## - ADDED ENTRY ELEMENTS (KOHA)
Koha item type Books
Holdings
Withdrawn status Lost status Damaged status Home library Current library Date acquired Full call number Accession Number Koha item type
      KAUAET   07/04/2012 691.421 17145 Books
free website counter